01680nam a2200229Ia 4500001000400000008004100004010000800045041001400053082002800067245014600095260001800241300000800259520000700267630002800274630001600302630001300318650002500331700003600356700004200392700004000434520097600474917241029s9999 xx 000 0 und d a837 aEspañol aF.C.E. M.A.E.S 2010 324 0aDeserción en la Escuela de Educación Física, Deportes y Recreación de la Universidad Autónoma de Santo Domingo, semestre 2009-2010. aSanto Domingo a127 a37 aDeserción Estudiantil aEstudiantes aFactores aEducación Física easesoraVilorio, Juan Francisco eautoraHeureaux , Marcos Radhamès eautoraGómez Soto , Julio César aEl propósito principal de la investigación es identificar los factores que inciden en la deserción en el área de la Escuela de Educación Física, Deporte y Recreación de la Universidad Autónoma de Santo Domingo; semestre 2009- 2010. Metodológicamente la investigación estuvo soportada por los principales pilares de la investigación científica: método inductivo, deductivo y bajo la metodología de análisis y síntesis de los resultados obtenidos. El estudio demostró, que existen variables en la aprobación y la deserción de acuerdo a las características demográficas, la región Este posee el más bajo nivel de deserción con un 33%, la región Norte con un 37%, Santo Domingo 51%. Lo que demuestra que el mayor nivel de deserción lo presento Santo Domingo. Debido a que ésta presenta la mayor concentración de número de Centros, lo que indica que el mayor nivel de aprobación lo presentan los centros regionales.